Mes de junio dedicado al Sagrado Corazón de Jesús : (Record n. 35627)

Dettagli MARC
000 -LEADER
fixed length control field 00786nam a2200205 i 4500
003 - CONTROL NUMBER IDENTIFIER
control field IT-RoINE
005 - DATE AND TIME OF LATEST TRANSACTION
control field 20201210095925.0
008 - FIXED-LENGTH DATA ELEMENTS--GENERAL INFORMATION
fixed length control field 030606s1939 sp r 000 | spa d
040 ## - CATALOGING SOURCE
Original cataloging agency UM.
Modifying agency UNAV.
-- USD
-- IT-RoINE
Transcribing agency IT-RoINE
100 1# - MAIN ENTRY--PERSONAL NAME
Personal name Sardá y Salvany, Félix (
Dates associated with a name 1844-1916)
9 (RLIN) 32281
245 10 - TITLE STATEMENT
Title Mes de junio dedicado al Sagrado Corazón de Jesús :
Remainder of title breve, sencillo y práctico acomodado a toda clase de personas /
Statement of responsibility, etc por Félix Sardá y Salvany.
250 ## - EDITION STATEMENT
Edition statement Nueva ed.
260 ## - PUBLICATION, DISTRIBUTION, ETC. (IMPRINT)
Place of publication, distribution, etc Barcelona :
Name of publisher, distributor, etc Librería y Tipografía Católica,
Date of publication, distribution, etc 1939.
300 ## - PHYSICAL DESCRIPTION
Extent 157 p. ;
Dimensions 14 cm.
336 ## - CONTENT TYPE
Source rdacontent
Content type term text
337 ## - MEDIA TYPE
Source rdamedia
Media type term unmediated
338 ## - CARRIER TYPE
Source rdacarrier
Carrier type term volume
650 #4 - SUBJECT ADDED ENTRY--TOPICAL TERM
Topical term or geographic name as entry element Sagrado Corazón de Jesús
General subdivision Libros de oraciones y devocionarios
9 (RLIN) 68948
942 ## - ADDED ENTRY ELEMENTS (KOHA)
Item type Monografías
Dati di copia
Withdrawn status Lost status Damaged status Not for loan Home library Current library Date acquired Total Checkouts Full call number Barcode Date last seen Price effective from Koha item type
        Iglesia Nacional Española en Roma Iglesia Nacional Española en Roma 10/12/2020   DEV.NOV 272 NOV-2449 10/12/2020 10/12/2020 Monografías